[Event "It (open)"]
[Site "masterchessopen.com Untergrombach (Germany)"]
[Round "6"]
[White "Sulzbach Sven (GER)"]
[Black "Hillenbrand Alexander (GER)"]
[Result "0-1"]
[WhiteElo "2195"]
[BlackElo "2167"]

1.d4 Nf6 2.c4 g6 3.Nc3 d5 4.cxd5 Nxd5 5.e4 Nxc3 6.bxc3 Bg7 7.Bc4 c5 8.Ne2 Nc6
9.Be3 O-O 10.O-O Qc7 11.Rc1 Rd8 12.Qc2 Na5 13.Bb3 b6 14.Rfd1 Bd7 15.Qb1 Nxb3
16.Qxb3 e6 17.Rd2 c4 18.Qb1 Bc6 19.Ng3 Qb7 20.f3 Rd7 21.e5 f5 22.exf6 Bxf6
23.Ne4 Bg7 24.Bg5 Rf8 25.Re2 Rf5 26.Bh4 e5 27.Ng3 e4 28.Nxf5 gxf5 29.fxe4 Bxe4
30.Qb5 Qc8 31.Rce1 Rf7 32.Bg3 Rf8 33.Qb4 Rd8 34.Qa3 Qb7 35.Qc1 b5 36.Qb2 a5
37.a3 b4 38.axb4 axb4 39.Qxb4 Qxb4 40.cxb4 Bxd4+ 41.Bf2 Bc3 42.Bh4 Bxe1
43.Bxd8 Bxb4 44.Bg5 Kf7 45.Kf2 Ke6 46.g4 Kd5 47.gxf5 Bxf5 48.Bf6 Bd6 49.Rd2+
Bd3 50.Ke1 Ke4 51.Bc3 Ke3 52.Rf2 Bg6 53.Rd2 Bf4 54.Kd1 Bd3 55.Ke1 h5 56.Kd1
Kf3 57.Ke1 Be3 58.Be5 Bc5 59.Kd1 Ke3 60.Rb2 Ke4 61.Bf6 Bd6 62.Rb5 c3 {#R} 0-1

[Event "It (open)"]
[Site "masterchessopen.com Avoine (France)"]
[Round "9"]
[White "Wiley Tom E (ENG)"]
[Black "Piankov Evgenij (UKR)"]
[Result "0-1"]
[WhiteElo "2292"]
[BlackElo "2395"]

1.d4 Nf6 2.c4 g6 3.Nc3 d5 4.cxd5 Nxd5 5.e4 Nxc3 6.bxc3 Bg7 7.Bc4 c5 8.Ne2 Nc6
9.Be3 O-O 10.O-O Qc7 11.Rc1 Rd8 12.Qd2 Na5 13.Bd3 e6 14.Rfd1 b6 15.Bh6 Bb7
16.e5 Nc6 17.Bxg7 Kxg7 18.Qf4 Qe7 19.h4 Rac8 20.Bb1 cxd4 21.cxd4 Nb4 22.Rxc8
Rxc8 23.h5 Nd5 24.Qg3 Ba6 25.Nf4 Nxf4 26.Qxf4 Kg8 27.h6 Bb7 28.f3 Bd5 29.Rc1
Qd8 30.Rxc8 Qxc8 31.Kf2 Qd8 32.Kg3 b5 33.a3 Qf8 34.Qc1 a5 35.Be4 Bb3 36.Qb2 a4
37.Bd3 b4 38.axb4 Qxb4 39.Qc1 a3 40.Qc8+ Qf8 41.Qc1 a2 42.Be4 Bc4 43.Kf2 Qd8
44.Ke3 Qg5+ 45.f4 Qxh6 46.Qa3 Qh4 47.Qc1 g5 {#R} 0-1

[Event "It (open) \"]
[Site "masterchessopen.com Cologne (Germany)"]
[Round "8"]
[White "Meis Carsten (GER)"]
[Black "Langer Dirk"]
[Result "0-1"]
[WhiteElo "2143"]
[BlackElo "1900"]

1.d4 Nf6 2.c4 g6 3.Nc3 d5 4.cxd5 Nxd5 5.e4 Nxc3 6.bxc3 Bg7 7.Bc4 c5 8.Ne2 Nc6
9.Be3 O-O 10.O-O Qc7 11.Rc1 Rd8 12.Qc2 Na5 13.Bb3 Nxb3 14.Qxb3 c4 15.Qb4 a5
16.Qb2 Bd7 17.Nf4 e6 18.d5 b5 19.a3 e5 20.d6 Qxd6 21.Nd5 Kh8 22.Rcd1 Qc6
23.Nb6 Rab8 24.Rd5 Be8 25.Rfd1 Rxd5 26.Nxd5 f5 27.f3 f4 28.Bf2 Bf7 29.Ne7 Qb7
30.Bc5 Bf8 31.Bd6 Bxe7 32.Bxe5+ Kg8 33.Bxb8 Qxb8 34.Rd7 Qb6+ 35.Kf1 Qc5 36.Qd2
Be6 37.Rb7 Bd6 38.Qb2 Qxa3 39.Qxb5 Qc1+ 40.Ke2 Qc2+ 41.Kf1 Qc1+ 42.Ke2 Qe3+
43.Kf1 Bf7 44.Rxf7 Kxf7 45.Qd5+ Ke7 46.Qg5+ Ke8 47.Qb5+ Kf8 48.Qxa5 Bc5
49.Qd8+ Kf7 50.Qd7+ Kf6 51.Qd8+ Ke6 52.Qd5+ Ke7 53.Qb7+ Kd6 54.Qd5+ Kc7
55.Qe5+ Kb6 56.Qb8+ Ka5 57.Qa8+ Ba7 58.Qd5+ Qc5 59.Qd8+ Ka4 60.Qd7+ Kb3
61.Qd1+ Kxc3 62.Qa1+ Kc2 63.Qa2+ Kd3 64.Ke1 Qg1# 0-1

[Event "Ch Poland (corr.)"]
[Site "masterchessopen.com corr."]
[Round "0"]
[White "Kwiek Janusz (POL)"]
[Black "Bieganowski Roman (POL)"]
[Result "1-0"]
[WhiteElo "1750"]
[BlackElo "1959"]

1.d4 Nf6 2.c4 g6 3.Nc3 d5 4.cxd5 Nxd5 5.e4 Nxc3 6.bxc3 Bg7 7.Bc4 c5 8.Ne2 Nc6
9.Be3 O-O 10.O-O Qc7 11.Rc1 Rd8 12.f4 e6 13.f5 exf5 14.Bg5 Rf8 15.exf5 Bxf5
16.Ng3 cxd4 17.Rxf5 gxf5 18.Nxf5 Qe5 19.Bd3 Rfe8 20.Qg4 Re6 21.Bf4 {#r} 1-0

[Event "Hessenliga 1993/94"]
[Site "masterchessopen.com Germany"]
[Round "0"]
[White "Knoth Eugen (GER)"]
[Black "Meiser Markus (GER)"]
[Result "1-0"]
[WhiteElo "2019"]
[BlackElo "2205"]

1.d4 Nf6 2.c4 g6 3.Nc3 d5 4.cxd5 Nxd5 5.e4 Nxc3 6.bxc3 Bg7 7.Bc4 c5 8.Ne2 Nc6
9.Be3 O-O 10.O-O Qc7 11.Rc1 a6 12.a4 Bd7 13.Nf4 Qa5 14.Ne2 Rad8 15.Qb3 Qc7
16.Qc2 Na5 17.Ba2 cxd4 18.Nxd4 e5 19.Ne2 b5 20.axb5 Bxb5 21.c4 Rc8 22.c5 Nc6
23.Bc4 Rfd8 24.Bxb5 axb5 25.Nc3 b4 26.Nd5 Qb7 27.Qb3 Nd4 28.Bxd4 exd4 29.Qxb4
Qxb4 30.Nxb4 d3 31.Nd5 Bf8 32.c6 Rd6 33.c7 Kg7 34.Rfd1 Ra6 35.Rxd3 Bd6 36.g3
f5 37.exf5 gxf5 38.Ne3 Rxc7 39.Rxc7+ {#r} 1-0

[Event "Olympiad"]
[Site "masterchessopen.com Moscow (Russia)"]
[Round "14"]
[White "Al Badani Abdu (YEM)"]
[Black "Mohandesi Shahin (IRI)"]
[Result "0-1"]
[WhiteElo "2203"]
[BlackElo "2320"]

1.d4 Nf6 2.c4 g6 3.Nc3 d5 4.cxd5 Nxd5 5.e4 Nxc3 6.bxc3 Bg7 7.Bc4 c5 8.Ne2 Nc6
9.Be3 O-O 10.O-O Qc7 11.Qc2 a6 12.a4 Rd8 13.Rfd1 Na5 14.Bd3 c4 15.Bf4 Qd7
16.Nc1 cxd3 17.Nxd3 e6 18.h4 b6 19.h5 Bb7 20.hxg6 hxg6 21.Ne5 Qe8 22.Rab1 f6
23.Ng4 Nc4 24.Qd3 Rac8 25.Rb4 b5 26.axb5 axb5 27.Bh6 f5 28.exf5 exf5 29.Bxg7
Kxg7 30.Nh2 Rc7 31.f3 Re7 32.Nf1 Bd5 33.Rdb1 Nd6 34.Qd2 Ra8 35.Qf4 Ra6 36.R4b2
Re1 37.Rxe1 Qxe1 38.Qe5+ Qxe5 39.dxe5 Nc4 40.Rxb5 Bf7 41.f4 Ra2 42.Rb7 Kf8
43.Rb8+ Be8 44.Rc8 Ra4 45.Kf2 Nb6 46.Rb8 Rxf4+ 47.Kg3 Rg4+ 48.Kf3 Nd7 49.Rb5
Re4 50.Ra5 Nxe5+ 51.Kf2 Ng4+ 52.Kg3 Re2 53.Kh4 Rxg2 54.Ng3 Kg7 {#R} 0-1

[Event "Cup Rilton"]
[Site "masterchessopen.com Stockholm (Sweden)"]
[Round "0"]
[White "Johansson Victoria (SWE)"]
[Black "Johansson Lars-Erik (SWE)"]
[Result "1-0"]
[WhiteElo "2181"]
[BlackElo "2239"]

1.d4 Nf6 2.c4 g6 3.Nc3 d5 4.cxd5 Nxd5 5.e4 Nxc3 6.bxc3 Bg7 7.Bc4 O-O 8.Be3 c5
9.Ne2 Nc6 10.O-O Qc7 11.Rc1 Rd8 12.Bf4 Qd7 13.d5 Ne5 14.Bb3 Qe8 15.c4 Nd7
16.Bc7 e5 17.Bxd8 Qxd8 18.Qd3 Nb6 19.Rcd1 Bg4 20.Kh1 Nc8 21.f3 Bd7 22.Qe3 b6
23.f4 f6 24.fxe5 fxe5 25.Ng1 Nd6 26.Rde1 Qe7 27.Nf3 Bf6 28.Qd2 Bg4 29.Qc3 Rf8
30.Bd1 Bd7 31.a4 Nb7 32.Bc2 Kg7 33.Ra1 Qd6 34.Nd2 Be7 35.Rxf8 Bxf8 36.Nf3 Be7
37.Qxe5+ Qxe5 38.Nxe5 Bf6 39.Nxd7 Bxa1 40.e5 Kf7 41.e6+ Ke7 42.Nb8 Nd8 43.g4
Be5 44.Nd7 Bd6 45.g5 Nf7 46.h4 Ne5 47.Nxe5 Bxe5 48.Kg2 Kf8 49.h5 Kg7 50.hxg6
hxg6 51.Kf3 Bd6 52.Ke4 Kf8 53.Bd3 Kg8 54.Ke3 Kg7 55.Be4 Kh7 56.Kd3 Kg7 57.a5
Be7 58.axb6 axb6 59.Kc2 Bxg5 60.d6 Bf6 61.e7 {#r} 1-0

[Event "It (open)"]
[Site "masterchessopen.com Stockholm (Sweden)"]
[Round "0"]
[White "Landgren Andreas (SWE)"]
[Black "Upmark Johan (SWE)"]
[Result "0-1"]
[WhiteElo "2172"]
[BlackElo "2155"]

1.d4 Nf6 2.c4 g6 3.Nc3 d5 4.cxd5 Nxd5 5.e4 Nxc3 6.bxc3 Bg7 7.Bc4 c5 8.Ne2 Nc6
9.Be3 O-O 10.O-O Qc7 11.Rc1 Rd8 12.Qc2 Bd7 13.e5 Rac8 14.e6 Bxe6 15.Bxe6 fxe6
16.Nf4 Qd7 17.dxc5 e5 18.Qb3+ Kh8 19.Rcd1 Qf5 20.Rxd8+ Nxd8 21.Nd5 Qf7 22.Rd1
h6 23.Qa4 Nc6 24.Qh4 Rd8 25.c4 Kh7 26.Rb1 Rd7 27.a3 Qf5 28.Rc1 Nd4 29.Bxd4
exd4 30.Qg3 e6 31.Nf4 Be5 32.Qd3 Bxf4 {#R} 0-1

[Event "Ch Academia"]
[Site "masterchessopen.com Warsaw (Poland)"]
[Round "0"]
[White "Michniewski Tomasz (POL)"]
[Black "Bugajski Robert (POL)"]
[Result "1-0"]
[WhiteElo "2173"]
[BlackElo "2201"]

1.d4 Nf6 2.c4 g6 3.Nc3 d5 4.cxd5 Nxd5 5.e4 Nxc3 6.bxc3 Bg7 7.Bc4 c5 8.Ne2 Nc6
9.Be3 O-O 10.O-O Qc7 11.Rc1 Rd8 12.f4 Bg4 13.h3 Bxe2 14.Qxe2 cxd4 15.cxd4 Nxd4
16.Qg4 Qd6 17.f5 gxf5 18.exf5 b5 19.f6 exf6 20.Bh6 Qf8 21.Bd3 Kh8 22.Rxf6 Bxh6
23.Rc7 Rac8 24.Rcxf7 Rc1+ 25.Kh2 Qg7 26.Rxg7 Bxg7 27.Qe4 {#r} 1-0

[Event "n) (b"]
[Site "masterchessopen.com Badalona (Spain)"]
[Round "8"]
[White "Aoiz Linares Jose Javier (ESP)"]
[Black "Arencibia Walter (CUB)"]
[Result "0-1"]
[WhiteElo "2118"]
[BlackElo "2515"]

1.d4 Nf6 2.c4 g6 3.Nc3 d5 4.cxd5 Nxd5 5.e4 Nxc3 6.bxc3 Bg7 7.Bc4 O-O 8.Be3 c5
9.Ne2 Nc6 10.O-O Qc7 11.Rc1 Rd8 12.Bf4 Qd7 13.dxc5 Qe8 14.Qc2 Bd7 15.Rfd1 Rac8
16.Bb5 Na5 17.Bxd7 Rxd7 18.Rxd7 Qxd7 19.Rd1 Qb5 20.Qd3 Qxd3 21.Rxd3 Kf8 22.Be3
Ke8 23.f4 Nc4 24.Bf2 e5 25.g3 Rc6 26.Nc1 Bh6 27.Nb3 Ra6 28.Nd2 Nb2 29.Rd6 Rxa2
30.c6 bxc6 31.Rxc6 Nd1 32.Be1 exf4 33.gxf4 Bxf4 34.Nf1 Ne3 35.Bd2 Bxh2+
36.Nxh2 Rxd2 37.Ra6 Rg2+ 38.Kh1 Rg3 39.Rxa7 Nd1 40.Ra8+ Ke7 {#R} 0-1

[Event "Ch France (team)"]
[Site "masterchessopen.com France"]
[Round "0"]
[White "Elbilia Jacques (MAR)"]
[Black "Piankov Evgenij (UKR)"]
[Result "0-1"]
[WhiteElo "2340"]
[BlackElo "2415"]

1.d4 Nf6 2.c4 g6 3.Nc3 d5 4.cxd5 Nxd5 5.e4 Nxc3 6.bxc3 Bg7 7.Bc4 c5 8.Ne2 Nc6
9.Be3 O-O 10.O-O Qc7 11.Rc1 Rd8 12.Bf4 Qd7 13.d5 Na5 14.Bd3 e5 15.Bg5 f6
16.Be3 c4 17.Bc2 b6 18.f4 Nb7 19.fxe5 fxe5 20.Qd2 Nd6 21.Ng3 Bb7 22.Bd1 Rf8
23.Be2 Rxf1+ 24.Rxf1 Rf8 25.Rxf8+ Bxf8 26.h3 Bc8 27.Bg4 Qe8 28.Bxc8 Qxc8
29.Kh2 Nf7 30.Nh1 Bc5 31.Nf2 Bxe3 32.Qxe3 Kg7 33.Qf3 Qd8 34.Ng4 Qg5 35.Ne3 Nd6
36.g3 b5 37.Kg2 a5 38.a3 Qe7 39.Nc2 Nb7 40.h4 Nc5 41.Qg4 h5 42.Qf3 Nd7 43.Qe2
Nf6 44.Qf3 Qc5 45.Qe2 Qc8 46.Qe3 Qd7 47.Qb6 Nxe4 48.Ne3 Qf7 49.Nf1 Qxd5
50.Qc7+ Kh6 51.Qb8 Nd6+ 52.Kh2 Kg7 53.Qa7+ Nf7 54.Qxa5 e4 55.Qb6 Qd3 56.Kg1
Qxc3 57.Ne3 Qe5 58.Kg2 Qd6 59.Qxd6 Nxd6 60.Nd5 Kf7 61.Kf2 Ke6 {#R} 0-1

[Event "Ch Germany (juniors) (under 17)"]
[Site "masterchessopen.com Friedersdorf (Germany)"]
[Round "4"]
[White "Lytchak Alexander (GER)"]
[Black "Gottschlich Carsten (GER)"]
[Result "1-0"]
[WhiteElo "2240"]
[BlackElo "2170"]

1.d4 Nf6 2.c4 g6 3.Nc3 d5 4.cxd5 Nxd5 5.e4 Nxc3 6.bxc3 Bg7 7.Bc4 c5 8.Ne2 Nc6
9.Be3 O-O 10.O-O Qc7 11.Rc1 Rd8 12.Qd2 b6 13.Bh6 Bh8 14.Qe3 Na5 15.Bd3 e6
16.e5 Bb7 17.Bg5 Rd7 18.Ng3 Bd5 19.Bb5 Bc6 20.Bxc6 Qxc6 21.Ne4 Nc4 22.Qf4 cxd4
23.Nf6+ Bxf6 24.Qxf6 Qe4 25.cxd4 {#r} 1-0

[Event "Ch Baden-Wuerttemberg"]
[Site "masterchessopen.com Germany"]
[Round "2"]
[White "Gerhardt Peter-Michael (GER)"]
[Black "Kindl Peter (GER)"]
[Result "0-1"]
[WhiteElo "2089"]
[BlackElo "2330"]

1.d4 Nf6 2.c4 g6 3.Nc3 d5 4.cxd5 Nxd5 5.e4 Nxc3 6.bxc3 Bg7 7.Bc4 c5 8.Ne2 Nc6
9.Be3 O-O 10.O-O Qc7 11.Rc1 Rd8 12.Qd2 b6 13.Rfd1 Bb7 14.f3 Rac8 15.Qb2 e6
16.a3 Na5 17.Ba2 Ba6 18.dxc5 bxc5 19.Qc2 Nc4 20.Rxd8+ Qxd8 21.Rd1 Qa5 22.Bc1
Nxa3 23.Qd2 Bxe2 24.Qxe2 Nb5 25.Bc4 Nxc3 26.Qe1 Qa4 {#R} 0-1

[Event "Ch Czech Republic (juniors) (under 16)"]
[Site "masterchessopen.com Plzen (Czech Republic)"]
[Round "6"]
[White "Vitula Jan (CZE)"]
[Black "Adamek Petr (CZE)"]
[Result "0-1"]
[WhiteElo "1881"]
[BlackElo "2130"]

1.d4 Nf6 2.c4 g6 3.Nc3 d5 4.cxd5 Nxd5 5.e4 Nxc3 6.bxc3 Bg7 7.Bc4 c5 8.Be3 O-O
9.Ne2 Nc6 10.O-O Qc7 11.Rc1 Rd8 12.d5 Ne5 13.Bb3 c4 14.Bc2 e6 15.Bd4 exd5
16.exd5 Rxd5 17.Rb1 Ng4 18.g3 Bxd4 19.Nxd4 Ne5 20.Be4 Rd8 21.Qe2 Rb8 22.Nb5
Qc5 23.Rfe1 Bg4 24.Qe3 Qxe3 25.Rxe3 a6 26.Nd4 Rd7 27.Rxb7 Rdxb7 28.Bxb7 Rxb7
29.Rxe5 Bh3 30.f4 Rb1+ 31.Kf2 Rh1 32.Nf3 Rc1 33.Ra5 Rc2+ 34.Ke1 Rxc3 35.Ng5
Bf5 36.g4 Bxg4 37.Rxa6 h6 38.Kd2 Rd3+ 39.Kc2 hxg5 40.fxg5 Bf5 41.Kc1 c3 42.Rc6
Re3 {#R} 0-1

[Event "Oberliga Baden 1995/96"]
[Site "masterchessopen.com Baden-Wuerttemberg (Germany)"]
[Round "0"]
[White "Friedrich Gerhard (GER)"]
[Black "Keller Wolfgang (GER)"]
[Result "1-0"]
[WhiteElo "2015"]
[BlackElo "2165"]

1.d4 Nf6 2.c4 g6 3.Nc3 d5 4.cxd5 Nxd5 5.e4 Nxc3 6.bxc3 Bg7 7.Bc4 c5 8.Ne2 Nc6
9.Be3 O-O 10.O-O Qc7 11.Rc1 Rd8 12.Qd2 Qa5 13.Rfd1 Bg4 14.f3 Bxf3 15.gxf3 Ne5
16.dxe5 Rxd2 17.Rxd2 e6 18.f4 b5 19.Bd3 c4 20.Bb1 Bf8 21.Kf2 Qc7 22.Rcd1 Bc5
23.Rd7 Bxe3+ 24.Kxe3 Qc5+ 25.Kf3 a5 26.Rb7 b4 27.Rdd7 bxc3 28.Rxf7 c2 29.Bxc2
Qa3+ 30.Kg4 h5+ 31.Kg5 Qf3 32.Nd4 Qg4+ 33.Kh6 h4 34.Rg7+ Kf8 35.Rbf7+ Ke8
36.Ba4+ {#r} 1-0

[Event "It (open)"]
[Site "masterchessopen.com Dallas (USA)"]
[Round "0"]
[White "Bick John D (USA)"]
[Black "Trammell George (USA)"]
[Result "1-0"]
[WhiteElo "2181"]
[BlackElo "2023"]

1.d4 Nf6 2.c4 g6 3.Nc3 d5 4.cxd5 Nxd5 5.e4 Nxc3 6.bxc3 Bg7 7.Bc4 c5 8.Ne2 Nc6
9.Be3 O-O 10.O-O Qc7 11.Rc1 Rd8 12.f3 b6 13.Qe1 Na5 14.Bd3 Be6 15.d5 Bd7 16.c4
e6 17.f4 e5 18.Qg3 Nb7 19.f5 Qd6 20.f6 Bxf6 21.Rxf6 Qxf6 22.Bg5 Qg7 23.Rf1 f5
24.exf5 gxf5 25.Bxd8 Rxd8 26.Bxf5 Nd6 27.Bxh7+ Kxh7 28.Qh4+ Kg6 29.Qxd8 e4
30.Qh4 Qe5 31.Nf4+ Kg7 32.Nh5+ {#r} 1-0

[Event "Oberliga 1995/96"]
[Site "masterchessopen.com Hessen (Germany)"]
[Round "0"]
[White "Kierzek Matthias Dr (GER)"]
[Black "Schaefer Michael (GER)"]
[Result "1-0"]
[WhiteElo "2153"]
[BlackElo "2210"]

1.d4 Nf6 2.c4 g6 3.Nc3 d5 4.cxd5 Nxd5 5.e4 Nxc3 6.bxc3 Bg7 7.Bc4 c5 8.Ne2 Nc6
9.Be3 O-O 10.O-O Qc7 11.Rc1 Rd8 12.Qd2 a6 13.Rfd1 b5 14.Bd3 Bb7 15.Bh6 Qd7
16.Bxg7 Kxg7 17.d5 Ne5 18.c4 b4 19.f4 Nxd3 20.Qxd3 f5 21.exf5 gxf5 22.Ng3 Bc8
23.Re1 Rf8 24.Re6 Qc7 25.Nh5+ Kg8 26.Qg3+ Kf7 27.Rf6+ Ke8 28.Rxf8+ Kxf8
29.Qg7+ Ke8 30.Nf6+ {#r} 1-0

[Event "Ch Rheinhessen"]
[Site "masterchessopen.com Mainz (Germany)"]
[Round "3"]
[White "Sabel Reinhard (GER)"]
[Black "Pela Edward (POL)"]
[Result "1-0"]
[WhiteElo "2020"]
[BlackElo "1924"]

1.d4 Nf6 2.c4 g6 3.Nc3 d5 4.cxd5 Nxd5 5.e4 Nxc3 6.bxc3 Bg7 7.Bc4 c5 8.Ne2 Nc6
9.Be3 O-O 10.O-O Qc7 11.Rc1 Rd8 12.Bf4 Qd7 13.Qb3 Qe8 14.Qb5 cxd4 15.cxd4 Nxd4
16.Nxd4 Bxd4 17.Qb3 e5 18.Bg5 Rd6 19.Qf3 Be6 20.Bxe6 Qxe6 21.Rc7 Qxa2 22.Rxb7
Rb6 23.Bh6 Qe6 24.Rc7 a5 25.Rfc1 a4 26.Qa3 Bb2 27.Qxa4 Rbb8 28.Ra7 Bxc1
29.Rxa8 Qc8 30.Rxb8 Qxb8 31.Bxc1 Qb1 32.Qc4 {#r} 1-0

[Event "It (open)"]
[Site "masterchessopen.com Mislata (Spain)"]
[Round "2"]
[White "Camarena Gimenez Rufino (ESP)"]
[Black "Oltra Caurin Ramon (ESP)"]
[Result "0-1"]
[WhiteElo "2397"]
[BlackElo "2405"]

1.d4 Nf6 2.c4 g6 3.Nc3 d5 4.cxd5 Nxd5 5.e4 Nxc3 6.bxc3 Bg7 7.Bc4 c5 8.Ne2 Nc6
9.Be3 O-O 10.O-O Qc7 11.Qc1 Bd7 12.Rd1 Rac8 13.Bh6 Na5 14.Bxg7 Kxg7 15.Bd3
cxd4 16.cxd4 Nc4 17.Nf4 b5 18.e5 Qb6 19.Nh5+ Kh8 20.Qg5 Nb2 21.d5 Nxd1 22.Rxd1
f6 23.Qh6 Rg8 24.exf6 exf6 25.Nf4 f5 26.Bf1 Qf6 27.Rd3 b4 28.Rh3 Qg7 29.Qg5
Rcf8 30.Rh6 Qf7 31.h4 Rg7 32.d6 a5 33.Kh2 a4 34.Qg3 Be6 35.Qd3 b3 36.axb3 Bxb3
37.Qd4 Qf6 38.Qc5 Rd8 39.Nh5 Qxd6+ 40.Qxd6 Rxd6 41.Bb5 {#R} 0-1

[Event "It (open) \"]
[Site "masterchessopen.com Feffernitz (Austria)"]
[Round "0"]
[White "Kaminik Aleksandar (ISR)"]
[Black "Piven Igor (UKR)"]
[Result "1-0"]
[WhiteElo "2280"]
[BlackElo "2385"]

1.d4 Nf6 2.c4 g6 3.Nc3 d5 4.cxd5 Nxd5 5.e4 Nxc3 6.bxc3 Bg7 7.Bc4 c5 8.Ne2 Nc6
9.Be3 O-O 10.O-O Qc7 11.Rc1 Rd8 12.Qa4 Bd7 13.Qa3 Na5 14.Bd3 b6 15.d5 e5 16.c4
Nb7 17.Nc3 Nd6 18.f4 Bh6 19.g3 Re8 20.Rce1 Bh3 21.Rf2 f5 22.Qc1 Qg7 23.Nb5
exf4 24.Bxf4 Bxf4 25.Qxf4 Nxe4 26.Rfe2 g5 27.Qc7 Re7 28.Qc6 Rae8 29.Bxe4 fxe4
30.d6 Rf7 31.Qxe8+ Rf8 32.Qxe4 Qf6 33.Qd5+ Kh8 34.Qe5 {#r} 1-0

[Event "It (open) \"]
[Site "masterchessopen.com Athens (Greece)"]
[Round "6"]
[White "Staikopoulos Anastasios (GRE)"]
[Black "Tsiamis Konstantinos (GRE)"]
[Result "0-1"]
[WhiteElo "2126"]
[BlackElo "2259"]

1.d4 Nf6 2.c4 g6 3.Nc3 d5 4.cxd5 Nxd5 5.e4 Nxc3 6.bxc3 Bg7 7.Bc4 c5 8.Ne2 Nc6
9.Be3 O-O 10.O-O Qc7 11.Rc1 Rd8 12.Qd2 b6 13.Bh6 Bh8 14.a4 Na5 15.Qa2 Nxc4
16.Qxc4 Bb7 17.Nf4 Qc8 18.Qa2 e5 19.dxe5 Bxe5 20.Nd5 Bxd5 21.exd5 Qf5 22.f4
Bf6 23.c4 Qh5 24.Bg5 Bd4+ 25.Kh1 f6 26.Bxf6 Bxf6 27.f5 Be5 28.g4 Qxg4 29.fxg6
Qe4+ 30.Qg2 Qxg2+ 31.Kxg2 hxg6 32.Rce1 Re8 33.Re4 Bd4 34.Rfe1 Rxe4 35.Rxe4 Kf7
36.Kf3 Re8 37.Rg4 Re3+ 38.Kf4 Ra3 39.d6 Bf6 40.Ke4 g5 41.Kd5 Rd3+ 42.Kc6 Ke6
43.Re4+ Be5 44.Kb7 Rxd6 45.Kxa7 Kf5 46.Re2 Bc3 47.Rf2+ Kg4 48.Rg2+ Kh4 49.h3
Bd2 50.Kb7 Kxh3 51.Rg1 Rg6 {#R} 0-1

[Event "It (open) \"]
[Site "masterchessopen.com Balatonbereny (Hungary)"]
[Round "9"]
[White "Belotelov Dmitriy (RUS)"]
[Black "Kis Bela (HUN)"]
[Result "1-0"]
[WhiteElo "2260"]
[BlackElo "2063"]

1.d4 Nf6 2.c4 g6 3.Nc3 d5 4.cxd5 Nxd5 5.e4 Nxc3 6.bxc3 Bg7 7.Bc4 c5 8.Ne2 Nc6
9.Be3 O-O 10.O-O Qc7 11.Rc1 Rd8 12.Bf4 Qd7 13.d5 Na5 14.Bb3 c4 15.Bc2 b6
16.Rb1 Ba6 17.Bg5 Nb7 18.Nd4 Bxd4 19.Qxd4 Nc5 20.f4 f6 21.Bh4 Nd3 22.Bg3 f5
23.Bd1 Rac8 24.Bf3 Bb7 25.Bh4 fxe4 26.Bxe4 Bxd5 27.f5 Bf7 28.Qe3 Re8 29.Qh6
Ne5 30.f6 exf6 31.Bxf6 Bd5 32.Bxd5+ {#r} 1-0

[Event "It (open) \"]
[Site "masterchessopen.com Balatonbereny (Hungary)"]
[Round "5"]
[White "Paksi Gyula (HUN)"]
[Black "Nogrady Vilmos (HUN)"]
[Result "0-1"]
[WhiteElo "1996"]
[BlackElo "2300"]

1.d4 Nf6 2.c4 g6 3.Nc3 d5 4.cxd5 Nxd5 5.e4 Nxc3 6.bxc3 Bg7 7.Bc4 c5 8.Ne2 Nc6
9.Be3 O-O 10.O-O Qc7 11.Rc1 Rd8 12.Qd2 Qa5 13.Rfd1 Bg4 14.f3 Ne5 15.Bxf7+ Kxf7
16.fxg4 Nc4 17.Rf1+ Kg8 18.Qd3 Ne5 19.Qc2 Nxg4 20.Qb3+ Kh8 21.Bg5 cxd4 22.Bxe7
Qe5 23.Rf4 Qxe7 24.Rxg4 d3 25.Nd4 Rac8 26.Rd1 Rxc3 {#R} 0-1

[Event "Oberliga NRW 1996/97"]
[Site "masterchessopen.com Germany"]
[Round "8"]
[White "Klanert Karsten (GER)"]
[Black "Lorenz Robin (GER)"]
[Result "1-0"]
[WhiteElo "2134"]
[BlackElo "2215"]

1.d4 Nf6 2.c4 g6 3.Nc3 d5 4.cxd5 Nxd5 5.e4 Nxc3 6.bxc3 Bg7 7.Bc4 c5 8.Be3 O-O
9.Ne2 Nc6 10.O-O Qc7 11.Rc1 Rd8 12.f4 e6 13.Qd2 b6 14.Kh1 Bb7 15.f5 Ne5 16.Bb3
Bxe4 17.fxe6 fxe6 18.Bxe6+ Kh8 19.Bh6 Qe7 20.Bxg7+ Qxg7 21.Qe3 Nd3 22.Rf7 Nxc1
23.Rxg7 Kxg7 24.Qxe4 Nxe2 25.Qxe2 cxd4 26.Qe5+ Kh6 27.g4 {#r} 1-0

[Event "It (open) \"]
[Site "masterchessopen.com Budapest (Hungary)"]
[Round "6"]
[White "Riedel Holger Dr (GER)"]
[Black "Nogrady Vilmos (HUN)"]
[Result "0-1"]
[WhiteElo "2164"]
[BlackElo "2300"]

1.d4 Nf6 2.c4 g6 3.Nc3 d5 4.cxd5 Nxd5 5.e4 Nxc3 6.bxc3 Bg7 7.Bc4 c5 8.Ne2 Nc6
9.Be3 O-O 10.O-O Qc7 11.Rc1 Rd8 12.Qa4 Bd7 13.Qa3 Na5 14.Bd3 Rac8 15.f4 Bg4
16.f5 c4 17.Bf4 Qb6 18.Rb1 Qa6 19.fxg6 hxg6 20.Qxe7 Bf6 21.Qb4 cxd3 22.Ng3 Rc4
23.Qa3 Rxc3 24.Qa4 Rc4 25.Qa3 Bxd4+ 26.Kh1 Rc2 27.e5 Qc6 {#R} 0-1

[Event "It (open)"]
[Site "masterchessopen.com Aggtelek (Hungary)"]
[Round "0"]
[White "Kovacs Andras (HUN)"]
[Black "Nagy Zoltan_ (HUN)"]
[Result "0-1"]
[WhiteElo "1985"]
[BlackElo "1895"]

1.d4 Nf6 2.c4 g6 3.Nc3 d5 4.cxd5 Nxd5 5.e4 Nxc3 6.bxc3 Bg7 7.Bc4 c5 8.Ne2 Nc6
9.Be3 O-O 10.O-O Qc7 11.Rc1 Rd8 12.h3 b6 13.f4 e6 14.Qe1 Na5 15.Bd3 f5 16.g4
Bb7 17.exf5 exf5 18.gxf5 Re8 19.Qg3 Qe7 20.Kf2 Bf6 21.fxg6 h6 {#R} 0-1

[Event "It (open) \"]
[Site "masterchessopen.com Budapest (Hungary)"]
[Round "5"]
[White "Kis Bela (HUN)"]
[Black "Nogrady Vilmos (HUN)"]
[Result "1-0"]
[WhiteElo "2063"]
[BlackElo "2300"]

1.d4 Nf6 2.c4 g6 3.Nc3 d5 4.cxd5 Nxd5 5.e4 Nxc3 6.bxc3 Bg7 7.Bc4 c5 8.Ne2 Nc6
9.Be3 O-O 10.O-O Qc7 11.Rc1 Rd8 12.Bf4 Qa5 13.Rb1 a6 14.Qb3 cxd4 15.Bxf7+ Kh8
16.cxd4 Nxd4 17.Nxd4 Bxd4 18.Bd5 e6 19.Bxe6 g5 20.Be3 Bxe3 21.fxe3 Qd2 22.Bd5
Bg4 23.Rbd1 Bxd1 24.Rxd1 Qxd1+ 25.Qxd1 Kg7 26.Qd4+ {#r} 1-0

[Event "Memorial Bela Papp"]
[Site "masterchessopen.com Budapest (Hungary)"]
[Round "0"]
[White "Berta Krisztian (HUN)"]
[Black "Feher Gyula (HUN)"]
[Result "0-1"]
[WhiteElo "2188"]
[BlackElo "2445"]

1.d4 Nf6 2.c4 g6 3.Nc3 d5 4.cxd5 Nxd5 5.e4 Nxc3 6.bxc3 Bg7 7.Bc4 c5 8.Ne2 Nc6
9.Be3 O-O 10.O-O Qc7 11.Rc1 Rd8 12.h3 a6 13.Bb3 b5 14.Qe1 e6 15.f4 c4 16.Bc2
f5 17.g4 Ne7 18.Ng3 a5 19.Kh2 Rb8 20.Rg1 b4 21.Rb1 fxe4 22.Bxe4 bxc3 23.Rxb8
Qxb8 24.Qxc3 Qc7 25.Rc1 Nd5 26.Bxd5 exd5 27.Rf1 Bf8 28.Rf3 Bd6 29.Kg2 Rf8
30.f5 gxf5 31.gxf5 Kf7 32.Bf2 Rg8 33.Qc1 Rg7 34.Qh6 Kg8 35.f6 Rg6 36.Qh4 Be6
37.Be3 c3 38.Kf2 c2 39.Ne2 Bf7 40.Bc1 Qd8 41.Rf5 Qe8 42.Nf4 Qe4 43.Nxg6 Qxf5+
44.Nf4 Bg6 45.Kg1 Kf7 46.Qg4 Kxf6 47.Qxf5+ Kxf5 48.Nxd5 Ke4 49.Nc3+ Kd3 {#R}
0-1

[Event "It (open) \"]
[Site "masterchessopen.com Buenos Aires (Argentina)"]
[Round "5"]
[White "Perdomo Leandro (ARG)"]
[Black "Tsuboi Edson Kenji (BRA)"]
[Result "0-1"]
[WhiteElo "2387"]
[BlackElo "2300"]

1.d4 Nf6 2.c4 g6 3.Nc3 d5 4.cxd5 Nxd5 5.e4 Nxc3 6.bxc3 Bg7 7.Bc4 c5 8.Ne2 Nc6
9.Be3 O-O 10.O-O Qc7 11.Rc1 Rd8 12.Bf4 Qd7 13.Bb5 Qe6 14.d5 Qxe4 15.dxc6 Rxd1
16.Rcxd1 Be5 17.f3 Qf5 18.Rd8+ Kg7 19.Bd3 Qf6 20.Be4 Bxf4 21.Nxf4 Qxf4 22.cxb7
Bxb7 23.Rxa8 Bxa8 24.Bxa8 Qe3+ 25.Kh1 Qxc3 26.h3 c4 27.Be4 f5 28.Bb1 Qb2 {#R}
0-1